| 000 | 00539nam a2200181Ia 4500 | ||
|---|---|---|---|
| 999 |
_c3566 _d3566 |
||
| 003 | OSt | ||
| 005 | 20200813105946.0 | ||
| 008 | 190216s9999||||xx |||||||||||||| ||und|| | ||
| 020 | _a9789350249727 | ||
| 040 | _coclc | ||
| 082 |
_a547.2 _bJHA/S |
||
| 100 |
_aJha, Indu Shekhar _94094 |
||
| 245 | 0 |
_aSynthetic Organic Chemistry / _cIndu Shekhar Jha |
|
| 260 |
_bHimalaya Publishing House, _c2011. _aMumbai: |
||
| 300 | _a328p | ||
| 650 | _aSynthetic Organic Chemistry | ||
| 942 |
_cBK _2ddc _h547.2 _iJHA/S _k547.2 _mJHA/S |
||